000 00565nam a2200217Ia 4500
003 OSt
005 20221005130138.0
006 a|||||r|||| 00| 0
007 ta
008 221004b |||||||| |||| 00| 0 snd d
024 _a7367
037 _cTextual
040 _aCRL
_cCRL
_bsnd
041 _2snd
_asnd
082 _aV233:21wM66, 1593J8
100 _aTarachand
_9154098
245 0 _aRai Bahadur Diwan Prabhudas Sevakram Adwani
260 _c1958
942 _hV233:21wM66, 1593J8
_cTEXL
_2cc
999 _c1056229
_d1056229